Muslim Law 6th Ed. (Record no. 19026)

MARC details
000 -LEADER
fixed length control field 00389nam a2200157Ia 4500
008 - FIXED-LENGTH DATA ELEMENTS--GENERAL INFORMATION
fixed length control field 221030s9999 xx 000 0 und d
020 ## - INTERNATIONAL STANDARD BOOK NUMBER
ISBN 9789388267885
041 ## - LANGUAGE CODE
Language code of text/sound track or separate title
100 ## - MAIN ENTRY--AUTHOR NAME
Personal name M. A. Qureshi
245 #0 - TITLE STATEMENT
Title Muslim Law 6th Ed.
Statement of responsibility, etc by M. A. Qureshi
250 ## - EDITION STATEMENT
Edition statement 6th
260 ## - PUBLICATION, DISTRIBUTION, ETC. (IMPRINT)
Name of publisher Central Law Publications
Place of publication Allahabad
Year of publication 2020
300 ## - PHYSICAL DESCRIPTION
Number of Pages 700
650 ## - SUBJECT ADDED ENTRY--TOPICAL TERM
Topical Term Muslim Law
942 ## - ADDED ENTRY ELEMENTS (KOHA)
Koha item type Books
Holdings
Accession Number Cost, normal purchase price Bill Date Source of acquisition Price effective from Koha item type Withdrawn / writtenoff status Materials specified (bound volume or other part) Damaged status Not for loan Permanent Location Current Location Shelving location Date acquired Lost/ Missing status department
LLB 178 560.00 15 RKB 10/30/2022 Books   Print   Not For Loan MIET Library, Jammu MIET Library, Jammu BL-, FL-, CUP-181, SH-5, R-5 05/04/2022   BBA LLB
LLB 179 560.00 15 RKB 10/30/2022 Books   Print     MIET Library, Jammu MIET Library, Jammu BL-, FL-, CUP-176, SH-3, R-3 05/04/2022   BBA LLB